Langages de programmation par description - Statistiques

Statistiques générales
  • Ce quiz a été pris 132 fois
  • Le résultat moyen est 8 sur 10
Statistiques - réponses
Hint Réponse % Correct
Langage souvent utilisé pour apprendre la programmation, l'indentation est indispensable au fonctionnement du programme Python
100%
Langage utilisé pour développer entre autres des systèmes d'exploitation, il est nécessairement composé au moins d'une fonction main(), et permet de manipuler directement la mémoire. C
97%
Langage permettant de développer une page Web statique, lesinstructions sont données par balises. HTML
96%
Langage purement orienté objet, il a servi entre autres à réaliserle jeu vidéo Minecraft, ainsi que certaines applications embarquées. Java
95%
Langage très souvent associé à ce dernier pour gérer l'apparenced'une page Web. CSS
89%
Langage permettant de gérer une page Web dynamique côté client. JavaScript
84%
Langage utilisé pour créer et interagir avec une base de donées SQL
84%
Langage permettant de gérer une page Web dynamique côté serveur. PHP
74%
Langage pouvant sembler similaire du deuxième de cette série,mais avec quelques améliorations syntaxiques et surtout une approche orientée objet. C++
73%
Langage "modernisé" du sixième de cette série, connu comme plussimple à apprendre, avec moins de risques d'erreurs de gestion de la mémoire C# (C Sharp)
43%
Aucun quiz correspondant
Distribution des résultats
% des personnes avec chaque résultat
Percentile par nombre de réponses
Votre historique - résultats
Vous n’avez pas pris ce quiz